| 000 | 01133cam a2200301 i 4500 | ||
|---|---|---|---|
| 001 | 18485465 | ||
| 005 | 20201128023932.0 | ||
| 008 | 150209s2015 nyu frb 001 0 eng d | ||
| 010 | _a 2015003256 | ||
| 020 | _a9781138792012 (hardback : alk. paper) | ||
| 020 | _a1138792012 (hardback : alk. paper) | ||
| 040 |
_aDLC _beng _cDLC _dEG-ScBUE |
||
| 042 | _apcc | ||
| 082 | 0 | 4 |
_222 _a657.4501 _bDEN |
| 100 | 1 |
_aDennis, Ian. _941599 |
|
| 245 | 1 | 0 |
_aAuditing theory / _cIan Dennis. |
| 260 |
_aNew York ; _aOxford : _bRoutledge / Taylor & Francis Group, _c2015. |
||
| 300 |
_a158 p. ; _c24 cm. |
||
| 490 | 0 |
_aRoutledge studies in accounting ; _v17 |
|
| 500 | _aIndex : p. 155-158. | ||
| 504 | _aIncludes bibliographical references. | ||
| 505 | _a1. The nature of auditing theory and of conceptual frameworks in auditing -- 2. The objectives of auditing -- 3. The audit opinion -- 4. Audit evidence -- 5. Materiality -- 6. Professional judgement in auditing -- 7. Conclusions. | ||
| 590 | _aWessam | ||
| 650 | 7 |
_aAuditing. _2BUEsh _91182 |
|
| 651 | _2BUEsh | ||
| 653 |
_bBUSADM _cOctober2016 |
||
| 942 |
_2ddc _e22 _k657.4501 DEN |
||
| 999 |
_c22808 _d22780 |
||